Statistics for Australian Suburbs Quiz

Click here to take the quiz!

General Stats

  • This quiz has been taken 104 times
  • The average score is 10 of 22

Answer Stats

SuburbsCity% Correct
Manly, Liverpool, BalmainSydney
91%
Carlton, Knox, DandenongMelbourne
84%
Fremantle, Burswood, HighgatePerth
76%
Southport, Broadbeach Waters, NerangGold Coast
70%
Glenelg, Marino, SemaphoreAdelaide
67%
Indooroopilly, Spring Hill, HendraBrisbane
65%
Coolum Beach, Maroochydore, BeerwahSunshine Coast
64%
Manuka, Gungahlin, AinslieCanberra
56%
Bellerive, Goodwood, Tolmans HillHobart
54%
Mackay Harbour, Richmond, GlenellaMackay
53%
Kiama, Port Kembla, AustinmerWollongong
48%
Wendouree, Eureka, Miners RestBallarat
44%
Aeroglen, Palm Cove, Yorkeys KnobCairns
44%
Waratah, Tarro, MayfieldNewcastle
44%
Casuarina, Berrimah, ParapDarwin
43%
Avalon, Corio, NorlaneGeelong
43%
Castle Hill, Garbutt, Mt Stuart Townsville
31%
Mowbray, Youngtown, Inveresk and York Park PrecinctLaunceston
19%
Kawana, The Range, FrenchvilleRockhampton
19%
Stirling North, Miranda, Commissariat PointPort Augusta
11%
Emu Point, Frenchman Bay, OranaAlbany
9%
Farrar, Archer, DurackPalmerston
6%

Score Distribution

Percentile by Number Answered

Percent of People with Each Score

Your Score History

You have not taken this quiz